Sudden Death - 1967 Albums - Statistics

General Stats
  • This quiz has been taken 30 times
  • The average score is 4 of 12
Answers on the Grid
Answers color-coded by a green-red scale on the quiz's grid according to % correct below.
Revolver
Beggars Banquet
Bookends
Forever Changes
Songs of Leonard Cohen
Pet Sounds
The Velvet Underground & Nico
Mr. Tambourine Man
A Love Supreme
In the Court of the Crimson King
Are You Experienced
Blonde on Blonde
The Doors
Axis: Bold as Love
Electric Ladyland
Sgt. Pepper's Lonely Hearts Club Band
The Piper at the Gates of Dawn
Duke Ellington's Far East Suite
Strange Days
I Never Loved a Man the Way I Love You
Safe as Milk
Highway 61 Revisited
 
Answer Stats
Answer % Correct
Sgt. Pepper's Lonely Hearts Club Band
100%
I Never Loved a Man the Way I Love You
50%
Strange Days
50%
The Doors
50%
The Piper at the Gates of Dawn
50%
The Velvet Underground & Nico
50%
Are You Experienced
0%
Axis: Bold as Love
0%
Duke Ellington's Far East Suite
0%
Forever Changes
0%
Safe as Milk
0%
Songs of Leonard Cohen
0%
No matching quizzes found
Score Distribution
Percent of People with Each Score
Percentile by Number Answered
Your Score History
You have not taken this quiz